Statistiques concernant Pays voisins de l'UE

Cliquez ici pour prendre le quiz!

Statistiques générales

  • Ce quiz a été pris 81 fois
  • Le résultat moyen est 16 sur 20

Statistiques - réponses

Voisin de l'UE % Correct
Turquie
97%
Russie
95%
Norvège
88%
Serbie
87%
Suisse
87%
Moldavie
85%
Ukraine
85%
Macedoine
83%
Saint-Marin
83%
Monaco
81%
Andorre
81%
Biélorussie
81%
Albanie
81%
Vatican
80%
Montenegro
77%
Liechtenstein
76%
Bosnie-Herzégovine
76%
Maroc
75%
Brésil
64%
Suriname
59%

Distribution des résultats

Percentile by Number Answered

% des personnes avec chaque résultat

Votre développement - résultats

Vous n’avez pas pris ce quiz